| 000 | 00407nam a2200181Ia 4500 | ||
|---|---|---|---|
| 005 | 20250423101751.0 | ||
| 008 | 250422s9999 xx 000 0 und d | ||
| 020 | _a9781032535210 | ||
| 050 | _aQP 551 .Z5 .S85/ | ||
| 100 | _aSukunar, Ethirajan | ||
| 245 | 0 | _aZinc | |
| 260 | _aBoca Raton | ||
| 260 | _bCRC | ||
| 260 | _c2024 | ||
| 300 | _a309 p | ||
| 650 | _aZinc in biochemistry Zinc | ||
| 942 | _cBK | ||
| 999 |
_c37220 _d37220 |
||